00856nam a22002177a 4500003000200000005001700002008004100019050002600060100002900086245012000115260007100235300004700306500003900353504005600392650004200448650003700490650004100527700002700568700001800595700002500613020250204124703.0250204b xxu||||| |||| 00| 0 eng d aPN 1992.77b.B35 2024 aBallouk, Megan Louise P. aDahan dahanb a mini-series on philippine rom-com tropes and love teams.cMegan Louise P. Ballouk and three others. aLas Pinas CitybSouthville International School and Collegesc2024 aviii, 207 pages:bcolored pictures;c28cm. aBachelor of Arts in Communication. aIncludes bibliographical references and appendices. aPhilippine Films—Romantic Comedies. aRomantic Comedies in Television. aTelevision Tropes—Romantic Comedy. aBlanca, Austine Ann M. aSo, Angelo R. aVistan, Imanoelle M.